000 01574nam a2200349 a 4500
003 EG-GiCUC
005 20250223025519.0
008 090207s2008 ua h f m 000 0 eng d
040 _aEG-GiCUC
_beng
_cEG-GiCUC
041 0 _aeng
049 _aDeposite
097 _aM.Sc
099 _aCai01.11.10.M.Sc.2008.Im.L
100 0 _aIman Sany Zaky Hassan
245 1 0 _aLaser treatment of psoriasis /
_cIman Sany Zaky Hassan ; Supervised Omar Ahmed Azzam , Naglaa M. Sameh Zaki , Rehab Mohamed Sobhi
246 1 5 _aعلاج الصدفية بالليزر
260 _aCairo :
_bIman Sany Zaky Hassan ,
_c2008
300 _a129 P. :
_bfacsimiles ;
_c25cm
502 _aThesis (M.Sc.) - Cairo University - Faculty of Medicine - Department of Dermatology and Venerology
520 _aPsoriasis is a chronic relapsing skin condition that can be psychologically and physically disabling . It is characterized by scaly erythematous plaques psoriasis posoriasis treatment includes topical mredications e.g.tar for mild cases and systemic therapy e,g.methotrexate for moderate severe cases phototherapy is also an established treatment modality for psoriasis
530 _aIssued also as CD
653 4 _aExcimer laser
653 4 _aFlashlamp pulse dye laser
653 4 _aPsoriasis
700 0 _aNaglaa Mohamed Sameh Zaki ,
_eSupervisor
700 0 _aOmar Ahmed Azzam ,
_eSupervisor
700 0 _aRehab Mohamed Sobhi ,
_esupervisor
856 _uhttp://172.23.153.220/th.pdf
905 _aNazla
_eRevisor
905 _aSoheir
_eCataloger
942 _2ddc
_cTH
999 _c14638
_d14638